000 01085nam0a2200301 4500
001 RU\NLR\bibl\1184970
005 20250615093418.0
010 _a978-5-17-036532-6
_915000
021 _aRU
_b2007-88519
_94784
035 _a(NLR Aleph) 001171550
090 _a1600580
_c1600580
100 _a20080207d2008 |||y0rusy50 ca
101 0 _arus
102 _aRU
105 _ay |||||||||
200 1 _aЗолотой ус - народный доктор
_eлучшие рецепты исцеления
_f[авт.-сост. С. П. Евдокимов]
210 _aМосква
_cАСТ
_d2008 (печ. 2007)
215 _a61, [3] с.
_d20
225 1 _aЗдоровье и жизнь
606 1 _aКаллизия душистая
_xЛечебное применение
_92346465
_3RU\NLR\auth\661402194
686 _aР282.111 Каллизия душистая
702 1 _aЕвдокимов
_bС. П.
_gСтепан Петрович
_4220
801 0 _aRU
_bNLR
_c20080207
_gRCR
801 1 _aRU
_bNLR
_c20080207
942 _cBOOK
980 _aNB